000 00644nam a2200217 a 4500
001 19202
003 CO-ViMGA
008 141112s2004 ck r 000 u spa d
020 _a8471144816
040 _aCO-ViMGA
_bspa
_cCO-ViMGA
082 0 4 _a581.13 A576s
100 1 _aAnsorena Miner, Javier
_927572
245 1 0 _aSustratos :
_bpropiedades y caracterización
260 _aMadrid :
_bMundi - prensa; 1994
300 _a172 p.
590 _aForma de adquisición : Prooyecto 2005 - - Precio :
_77.850
650 1 4 _aCRECIMIENTO - PLANTAS
_927573
650 1 4 _aHORTICULTURA
_9513
650 1 4 _aNUTRICION DE PLANTAS
_927574
942 _2ddc
_cBK
999 _c28364
_d28364